000
00250nam a22000977a 4500
999
_c
11732
_d
11732
008
200113b ||||| |||| 00| 0 eng d
020
_a
5148800399
100
_a
Holub Joan
_9
7421
245
_a
Why Do Birds Sing?
260
_a
Puffin Biooks
_b
New York
_c
2004